Регионална библиотека "Любен Каравелов" - Русе

Нищо (Запис номер 112226)

MARC детайли
000 -Лидер
Контролно поле с фиксирана дължина 01274nam a2200325 c 4500
003 - Код на организацията, давaща контролен номер
Контролно поле BLK
005 - Дата и час на последна редакция
Контролно поле 20240408135751.0
008 - Елементи от данни с фиксирана дължина
fixed length control field 180409b bul|||||r ||||||| ||bul||
010 ## - Наследен системен номер
LC control number KNG00117589000
020 ## - Международен стандартен номер на книга ISBN
Международен стандартен номер на книга ISBN 954-26-0384-3
-- издат.: Хермес
040 ## - Източник на каталожния запис
Идентификатор на билиотеката - собственик на записа BLK
041 ## - Код за език
Код за езика на текст/звукозапис или на отделно заглавие Български
Код за езика КДБФ Български
080 ## - УДК
Текстов определител УДК Испанска литература
УДК код - определител по УДК 821.134.2
УДК определител -31
УДК - код + определител 821.134.2-31
100 1# - Редна дума - Автор
Автор Лафорет, Кармен
Авторска отговорност първи автор
R(LIN) 87855
139 ## - Редно поле
Редна дума Лафорет, Кармен
Авторски знак Лаф - Л 28
245 10 - Сведения за заглавието
Заглавие Нищо
Подзаглавни данни Роман
Редно поле (дума) Кармен Лафорет; прев. Мария Петрова Пачкова-Димитрова.
257 ## - Страна на издаване
Страна на създаване/издаване Испания
260 ## - Област на издателските данни
-- Пловдив
Име на издателя, разпространителя и проч. Хермес
Година на издаване 2006
Печатница Хасково : Полиграфюг
300 ## - Физическа характеристика
Страници 256 с.
Размери/Мащаб 20 см
380 ## - Жанр
Жанр Худож. лит.
500 ## - Общи забележки
Забележка Ориг. загл. Nada / Carmen Laforet. - 1. изд. - 1975 на изд. Хр. Г. Данов - Пловдив. - Офс. изд.
653 ## - Ключова дума – ненормативна
Ключова дума романи
700 1# - Други автори (авторска отговорност)
Лично име Пачкова-Димитрова, Мария Петрова
Автороска отговорност (Описва отношението между автора и произведението) прев.
9 (RLIN) 107399
852 ## - Местоположение
Форматна сигнатура Цб 227056
856 4# - Електронен адрес и достъп
Електронен формат pdf - файл
Път до файла /url/
856 4# - Електронен адрес и достъп
Електронен формат pdf - файл
Път до файла /url/
942 ## - АРТИКУЛИ
Вид на библиотечния материал Книги
Скрит в OPAC Не
Koha issues (borrowed), all copies 2
944 ## - СЪЗДАВАНЕ И РЕДАКЦИЯ на ЗАПИСА
Създаване/Редакция Създаване
Дата на регистрацията/редакция 02.05.2006
Служител, извършил регистрацията/редакцията 30531
Статус, дата на статуса Цветелина Шанова
944 ## - СЪЗДАВАНЕ И РЕДАКЦИЯ на ЗАПИСА
Създаване/Редакция Редакция
Дата на регистрацията/редакция 04.04.2007
Служител, извършил регистрацията/редакцията
999 ## - СИСТЕМНИ КОНТРОЛНИ НОМЕРА
Koha biblionumber 112226
Koha biblioitemnumber 112226
Наличности
Код за отписване Код за изгубен артикул Код за повреда Коз за рестрикции Код за отдаване Артикулен № Име на библиотеката - собственик Име на библиотеката, в която се намира в момента Статус (Текущо местоположение) Дата на вписване в системата Местоположение - отдел Цена в лева Инвентарен номер Систематично азбучна сигнатура Баркод Номер на екземпляра Цена в евро Служебна бележка Служебен тип на артикула
  Не е изгубен Не е повреден без рестрикции заемане за дома 179988 Регионална библиотека "Любен Каравелов" Русе Регионална библиотека "Любен Каравелов" Русе Заемна - подръчен фонд 2006-04-28 Заемна - подръчен фонд 8.95 120000701536 П 860-31/Л 28 120000701536 1 4.58 Дост: Pk Вид: Ф N: 5 Дата: 28.04.2006 Дата инв: 09.02.2018 Бележки инв: П2018 Книги
  Не е изгубен Не е повреден без рестрикции ползва се в читалня 179989 Регионална библиотека "Любен Каравелов" Русе Регионална библиотека "Любен Каравелов" Русе Хранилище 2007-03-26 Хранилище 8.95 120000711661 Цб 227056 120000711661 2 4.58 Дост: Dp Вид: Д N: 33 Дата: 19.07.2006 Книги
Vip Innovations Ltd, Rousse, Bulgaria 2025